Sports Quiz

Random Sports Quiz
Score 0/20 Timer 10:00
0 Plays Today
entrant superstar % Correct
13jim duggan
100%
1bret hart
83.3%
14ron bass
83.3%
19one man gang
83.3%
4jim neidhart
66.7%
5jake roberts
66.7%
11don muraco
66.7%
12nikolai volkoff
66.7%
20junkyard dog
66.7%
3butch reed
50%
entrant superstar % Correct
6harley race
50%
7jim brunzell
50%
8sam houston
50%
9danny davis
50%
17dino bravo
50%
18ultimate warrior
50%
2tito santana
33.3%
16hillbilly jim
33.3%
10boris zhukov
16.7%
15brian blair
16.7%
Remove Ads.
Support Sporcle.
Get the best of Sporcle when you Go Orange. This ad-free experience offers more features, more stats, and more fun while also helping to support Sporcle. Thank you for becoming a member.

You're not logged in!

Compare scores with friends on all Sporcle quizzes.
OR
Log In

Show Comments

Extras

Top Quizzes Today


Score Distribution

Your Account Isn't Verified!

In order to create a playlist on Sporcle, you need to verify the email address you used during registration. Go to your Sporcle Settings to finish the process.

Report this User

Report this user for behavior that violates our Community Guidelines.

Details: